000 01842cam a2200169 4500500
005 20260208010542.0
041 _afre
042 _adc
100 1 0 _aLaruellle, François
_eauthor
245 0 0 _aL'utopie de la non-analyse
260 _c2005.
500 _a51
520 _aL’utopie de la non-analyse L’adversaire le plus dangereux de la psychanalyse est le révisionnisme. Au contraire, « l’axiome fondamental de la non-analyse est que le Réel de l’Inconscient et de l’être est forclos à tout discours et que c’est justement cet être forclos qui détermine un discours et une pratique non analytiques ». La non-analyse n’est pas le retour à des préjugés philosophiques mais une « théorie unifiée de la philosophie et d’un savoir » qui peut prendre une couleur psychanalytique. Les concepts fondamentaux sont : le Réel, l’imaginaire philosophico-analytique, l’apparaître phénoménal de l’Inconscient, la binarité symbolique.
520 _aThe utopia of non-analysis The most dangerous adversary of psychoanalysis is revisionism. On the contrary, the fundamental axiom of non-analysis is that the Real of the Unconscious and of Being is forclosed to any discourse, and it is indeed this forclosed Being which determines a non-analytic discourse and practice. The non-analysis is in no way a return to philosophical prejudice but « a unified theory of philosophy and of a knowledge » which may sound psychoanalytical. The fundamental concepts are : the Real, the philosophico-analytical imaginary, the phenomenal appearing of the Unconscious, the symbolical binarity.
786 0 _nRevue philosophique de la France et de l'étranger | 130 | 2 | 2005-06-01 | p. 163-174 | 0035-3833
856 4 1 _uhttps://shs.cairn.info/revue-philosophique-2005-2-page-163?lang=fr&redirect-ssocas=7080
999 _c1657096
_d1657096